000 00724pam a2200253 a 4500
001 515623
003 20170106130210.0
005 20240606080910.0
008 860224s1987 caua 001 0 eng
010 _a 86006078
020 _a0534066909 :
_c$35.00 (est.)
040 _aDLC
_cDLC
_dDLC
050 0 0 _aQA303
_b.S8825 1987
082 0 0 _a515/.15
_219
100 1 _aStewart, James,
_d1941-
245 1 0 _aCalculus /
260 _aMonterey, Calif. :
_bBrooks/Cole Pub. Co.,
_cc1987.
300 _axxix, 976, 108 p. :
_bill. ;
_c26 cm.
500 _aIncludes index.
650 0 _aCalculus.
650 0 _aGeometry, Analytic.
906 _a7
_bcbc
_corignew
_d1
_eocip
_f19
_gy-gencatlg
942 _2lcc
_cBK
999 _c3213
_d3213